İstanbul Başakşehir FK Squad 2025-2026 - Statistics

General Stats
  • This quiz has been taken 10 times
    2 since last reset
  • The average score is 21 of 33
Answer Stats
# Position Nation Player % Correct
25 MF Morocco Amine Harit
100%
21 DF Ivory Coast Christopher Operi
100%
9 FW Germany Davie Selke
100%
36 DF Ireland Festy Ebosele
100%
77 FW Croatia Ivan Brnić
100%
3 DF Ghana Jerome Opoku
100%
88 DF Turkey Kazımcan Karataş
100%
13 MF Portugal Miguel Crespo
100%
16 GK Turkey Muhammed Şengezer
100%
10 FW Cape Verde Nuno Da Costa
100%
- Coach Turkey Nuri Şahin
100%
8 MF Cameroon Olivier Kemen
100%
27 DF Senegal Ousseynou Ba
100%
11 MF Uzbekistan Abbosbek Fayzullaev
50%
2 MF Turkey Berat Özdemir
50%
91 FW Turkey Bertuğ Yıldırım
50%
- Coach Turkey Çağdaş Atan
50%
23 FW Turkey Deniz Türüç
50%
14 FW Uzbekistan Eldor Shomurodov
50%
15 DF Turkey Hamza Güreler
50%
18 MF Poland Jakub Kałuziński
50%
5 DF Brazil Léo Duarte
50%
78 GK Turkey Luca Stancic
50%
42 MF Turkey Ömer Ali Şahiner
50%
17 MF Turkey Ömer Beyaz
50%
4 MF Turkey Onur Ergün
50%
20 MF Turkey Umut Güneş
50%
1 GK Turkey Volkan Babacan
50%
7 FW Turkey Yusuf Sarı
50%
45 FW Turkey Berkay Aslan
0%
80 GK Turkey Doğan Alemdar
0%
6 DF Turkey Onur Bulut
0%
19 FW Switzerland Tuğra Turhan
0%
No matching quizzes found
Score Distribution
Percent of People with Each Score
Percentile by Number Answered
Your Score History
You have not taken this quiz since the last reset